"Spirit and gospel" in Mark

Saved in:  
Bibliographic Details
Main Author: Mansfield, Mecklin R. (Author)
Format: Print Book
Language:English
Subito Delivery Service: Order now.
Check availability: HBZ Gateway
WorldCat: WorldCat
Interlibrary Loan:Interlibrary Loan for the Fachinformationsdienste (Specialized Information Services in Germany)
Published: Peabody, Mass. Hendrickson 1987
In:Year: 1987
IxTheo Classification:HC New Testament
Further subjects:B Mark
B Gospels
B New Testament

MARC

LEADER 00000cam a2200000 c 4500
001 1649238673
003 DE-627
005 20251225205502.0
007 tu
008 900126s1987 xx ||||| 00| ||eng c
020 |a 0913573434  |9 0-913573-43-4 
035 |a (DE-627)1649238673 
035 |a (DE-576)019525265 
035 |a (DE-599)BSZ019525265 
035 |a (OCoLC)15338211 
040 |a DE-627  |b ger  |c DE-627  |e rakwb 
041 |a eng 
082 0 |a 226.3/06 
084 |a 1  |2 ssgn 
100 1 |0 (DE-627)1236180216  |0 (DE-576)166180211  |4 aut  |a Mansfield, Mecklin R. 
109 |a Mansfield, Mecklin R.  |a Mansfield, M. R.  |a Mansfield, Mecklin Robert 
245 1 0 |a "Spirit and gospel" in Mark  |c by M. Robert Mansfield 
264 1 |a Peabody, Mass.  |b Hendrickson  |c 1987 
300 |a X, 191 S. 
336 |a Text  |b txt  |2 rdacontent 
337 |a ohne Hilfsmittel zu benutzen  |b n  |2 rdamedia 
338 |a Band  |b nc  |2 rdacarrier 
583 1 |a Archivierung prüfen  |c 20200919  |f DE-640  |z 1  |2 pdager 
583 1 |a Archivierung/Langzeitarchivierung gewährleistet  |f SSG  |x XA-DE-BW  |2 pdager  |5 DE-21 
630 0 7 |0 (DE-588)4041771-2  |0 (DE-627)106217658  |0 (DE-576)209046724  |a Bibel  |p Neues Testament  |2 gnd 
630 0 7 |0 (DE-588)4015806-8  |0 (DE-627)104746149  |0 (DE-576)208913602  |a Bibel  |p Evangelien  |2 gnd 
630 0 7 |0 (DE-588)4037658-8  |0 (DE-627)10623613X  |0 (DE-576)209025816  |a Bibel  |p Markusevangelium  |2 gnd 
652 |a HC  |b DDCoderRVK 
935 |a mteo 
951 |a BO 
BIR |a 02000000_02999999  |b biblesearch 
ELC |b 1 
ITA |a 1  |t 1 
LOK |0 000 xxxxxcx a22 zn 4500 
LOK |0 001 3332780344 
LOK |0 003 DE-627 
LOK |0 004 1649238673 
LOK |0 005 20100312120339 
LOK |0 008 900126||||||||||||||||ger||||||| 
LOK |0 040   |a DE-21  |c DE-627  |d DE-21 
LOK |0 852   |a DE-21 
LOK |0 852 1  |c 29 A 20750  |9 00 
LOK |0 935   |a theo  |a sepp 
LOK |0 936ln  |a t2.3 
LOK |0 939   |a 26-01-90  |b l01 
ORI |a SA-MARC-ixtheoa001.raw 
SYD 0 0 |a Centenary translation of the New Testament,Bibel,Neues Testament,Septembertestament,Das Newe Testament Deutzsch,Bibel,Septembertestament,Bibel,Die Botschaft Gottes,Greek New Testament,Greek New Testament,The Greek New Testament,GNT,Neues Testament,Novum Testamentum,Testamentum novum,Nor Ktakaran,Novijat Zavet,Novyj Zapovit,Das Neue Testament,Le Nouveau Testament,Il Nouv Testamaint,The New Testament,Nuevo Testamento,Novʹy Zákon,Novi Javjet,Novo Testamento,Novyj Zavet,Nowy Testament,Nowý Zákon,U`j Szövetség,U`j Testamentom,Die Heilige Schrift des Neuen Testaments,Det Ny Testamente,Det Nya Testamentet,Il Nuovo Testamento,Ds Nöie Teschtamänt,Hab-berit ha-ḥadaša,Sifrê hab-berit ha-ḥadaša,Niev Testament,Novum Testamentum Graece,The Greek New Testament,Novum Testamentum Graece et Latine,E Kainē diathēkē,al- ʿAhd al-ǧadīd li rabbinā wa muḫalliṣinā Yasūʿa ăl-masīḥ,al- ʿAhd al-ǧadīd,S@nöie Teschdamänt,Se Wsi Testamenti,Tèstamènt nobo,Mkpaman Elat,Bible,N.T.,Uus Testament , Evangelien,Evangelium,Kanonische Evangelien,Les Evangiles,I Vangeli,Evangelium,Evangelie,Gospels , Markusevangelium,Euangelion kata Markon,Mk,Marc,Mc,Das Evangelium nach Markus,Evangile selon Marc,Il Vangelo secondo Marco,Evangelium Secundum Marcum,Evangeli ya Marika,Aevangeli hi Marka,Svetoto evangelie ot Marka,Markusevangelium (Buch der Bibel),Evangelium nach Markus (Buch der Bibel),Evangile selon Marc (Buch der Bibel),Evangile de Marc (Buch der Bibel),Gospel of Mark (Buch der Bibel),Gospel according to Mark (Buch der Bibel),Vangelo secondo Marco (Buch der Bibel),Vangelo di Marco (Buch der Bibel),Marci Evangelium,Markus,Al-ḥawārīning inǧīlī ʿarab lisāninden qumuq lisānine terǧüme olundu,Marqus Al-Havarinin incili arab lisanýndan qumuq lisanýna tercüme olandý,Al-Havarinin incili arab lisanýndan qumuq lisanýna tercüme olandý,Marqus al-ḥawārīning inǧīlī ʿarab lisāninden qumuq lisānine terǧüme olundu